<?xml version="1.0" encoding="UTF-8"?>
<collection xmlns="http://www.loc.gov/MARC21/slim">
 <record>
  <leader>04240cam a2200793   4500</leader>
  <controlfield tag="001">71970555X</controlfield>
  <controlfield tag="003">DE-627</controlfield>
  <controlfield tag="005">20210705093435.0</controlfield>
  <controlfield tag="007">tu</controlfield>
  <controlfield tag="008">120718s2012    it |||||      00| ||ita c</controlfield>
  <datafield tag="010" ind1=" " ind2=" ">
   <subfield code="a">  2012502856</subfield>
  </datafield>
  <datafield tag="020" ind1=" " ind2=" ">
   <subfield code="a">8822259998</subfield>
   <subfield code="9">88-222-5999-8</subfield>
  </datafield>
  <datafield tag="020" ind1=" " ind2=" ">
   <subfield code="a">9788822259998</subfield>
   <subfield code="c">48.00 EUR</subfield>
   <subfield code="9">978-88-222-5999-8</subfield>
  </datafield>
  <datafield tag="024" ind1="3" ind2=" ">
   <subfield code="a">9788822259998</subfield>
  </datafield>
  <datafield tag="035" ind1=" " ind2=" ">
   <subfield code="a">(DE-627)71970555X</subfield>
  </datafield>
  <datafield tag="035" ind1=" " ind2=" ">
   <subfield code="a">(DE-576)37221617X</subfield>
  </datafield>
  <datafield tag="035" ind1=" " ind2=" ">
   <subfield code="a">(DE-599)GBV71970555X</subfield>
  </datafield>
  <datafield tag="035" ind1=" " ind2=" ">
   <subfield code="a">(OCoLC)812194145</subfield>
  </datafield>
  <datafield tag="035" ind1=" " ind2=" ">
   <subfield code="a">(OCoLC)812194145</subfield>
  </datafield>
  <datafield tag="040" ind1=" " ind2=" ">
   <subfield code="a">DE-627</subfield>
   <subfield code="b">ger</subfield>
   <subfield code="c">DE-627</subfield>
   <subfield code="e">rakwb</subfield>
  </datafield>
  <datafield tag="041" ind1=" " ind2=" ">
   <subfield code="a">ita</subfield>
   <subfield code="a">eng</subfield>
  </datafield>
  <datafield tag="044" ind1=" " ind2=" ">
   <subfield code="c">XA-IT</subfield>
  </datafield>
  <datafield tag="050" ind1=" " ind2="0">
   <subfield code="a">NC242.R398</subfield>
  </datafield>
  <datafield tag="082" ind1="0" ind2=" ">
   <subfield code="a">700.941</subfield>
  </datafield>
  <datafield tag="082" ind1="0" ind2=" ">
   <subfield code="a">741</subfield>
   <subfield code="2">21</subfield>
  </datafield>
  <datafield tag="084" ind1=" " ind2=" ">
   <subfield code="a">9,10</subfield>
   <subfield code="2">ssgn</subfield>
  </datafield>
  <datafield tag="084" ind1=" " ind2=" ">
   <subfield code="a">20.31</subfield>
   <subfield code="2">bkl</subfield>
  </datafield>
  <datafield tag="084" ind1=" " ind2=" ">
   <subfield code="a">21.22</subfield>
   <subfield code="2">bkl</subfield>
  </datafield>
  <datafield tag="100" ind1="1" ind2=" ">
   <subfield code="a">Perini Folesani, Giovanna</subfield>
   <subfield code="d">1956-</subfield>
   <subfield code="0">(DE-588)1026873452</subfield>
   <subfield code="0">(DE-627)727838806</subfield>
   <subfield code="0">(DE-576)167533568</subfield>
   <subfield code="4">aut</subfield>
  </datafield>
  <datafield tag="245" ind1="1" ind2="0">
   <subfield code="a">Sir Joshua Reynolds in Italia (1750 - 1752)</subfield>
   <subfield code="b">passagio in Toscana ; il taccuino 201 a 10 del British Museum</subfield>
   <subfield code="c">Giovanna Perini Folesani</subfield>
  </datafield>
  <datafield tag="264" ind1=" " ind2="1">
   <subfield code="a">Firenze</subfield>
   <subfield code="b">Olschki</subfield>
   <subfield code="c">2012</subfield>
  </datafield>
  <datafield tag="300" ind1=" " ind2=" ">
   <subfield code="a">511 S.</subfield>
   <subfield code="b">zahlr. Ill.</subfield>
   <subfield code="c">24 cm</subfield>
  </datafield>
  <datafield tag="336" ind1=" " ind2=" ">
   <subfield code="a">Text</subfield>
   <subfield code="b">txt</subfield>
   <subfield code="2">rdacontent</subfield>
  </datafield>
  <datafield tag="337" ind1=" " ind2=" ">
   <subfield code="a">ohne Hilfsmittel zu benutzen</subfield>
   <subfield code="b">n</subfield>
   <subfield code="2">rdamedia</subfield>
  </datafield>
  <datafield tag="338" ind1=" " ind2=" ">
   <subfield code="a">Band</subfield>
   <subfield code="b">nc</subfield>
   <subfield code="2">rdacarrier</subfield>
  </datafield>
  <datafield tag="490" ind1="1" ind2=" ">
   <subfield code="a">Quaderni / Fondazione Carlo Marchi</subfield>
   <subfield code="v">45</subfield>
  </datafield>
  <datafield tag="500" ind1=" " ind2=" ">
   <subfield code="a">Incl. orig. English text (p. 191-212) by J. Reynolds (1723-1792), publ. for the first time, with Italian transl. - Includes bibliographical references</subfield>
  </datafield>
  <datafield tag="501" ind1=" " ind2=" ">
   <subfield code="a">Incl. orig. English text (p. 191-212) by J. Reynolds (1723-1792), publ. for the first time, with Italian transl</subfield>
  </datafield>
  <datafield tag="520" ind1=" " ind2=" ">
   <subfield code="a">Published for the first time, this critical edition of one of Reynolds' notebooks presents full size photographic reproductions of the pages with drawings, commented transcription of the texts, identification of the works studied by the painter, and a large introductory essay on the importance of the Italian period on the artist's formation and later portrait production. An appendix comments on Tuscany-related materials found in other notebooks, thus completing the preparatory studies of Ellis Waterhouse and the Warburg Institute</subfield>
  </datafield>
  <datafield tag="600" ind1="1" ind2="0">
   <subfield code="a">Reynolds, Joshua</subfield>
   <subfield code="c">Sir</subfield>
   <subfield code="d">1723-1792</subfield>
   <subfield code="x">Travel</subfield>
   <subfield code="z">Italy</subfield>
  </datafield>
  <datafield tag="600" ind1="1" ind2="0">
   <subfield code="a">Reynolds, Joshua</subfield>
   <subfield code="c">Sir</subfield>
   <subfield code="d">1723-1792</subfield>
   <subfield code="v">Notebooks, sketchbooks, etc</subfield>
  </datafield>
  <datafield tag="610" ind1="1" ind2="0">
   <subfield code="a">British Museum</subfield>
  </datafield>
  <datafield tag="650" ind1=" " ind2="0">
   <subfield code="a">Drawing</subfield>
   <subfield code="z">England</subfield>
   <subfield code="z">London</subfield>
  </datafield>
  <datafield tag="650" ind1=" " ind2="0">
   <subfield code="a">Drawing, English</subfield>
   <subfield code="z">Italy</subfield>
   <subfield code="z">Tuscany</subfield>
   <subfield code="y">18th century</subfield>
  </datafield>
  <datafield tag="655" ind1=" " ind2="7">
   <subfield code="a">Quelle</subfield>
   <subfield code="0">(DE-588)4135952-5</subfield>
   <subfield code="0">(DE-627)105661236</subfield>
   <subfield code="0">(DE-576)209665084</subfield>
   <subfield code="2">gnd-content</subfield>
  </datafield>
  <datafield tag="655" ind1=" " ind2="7">
   <subfield code="a">Kommentar</subfield>
   <subfield code="0">(DE-588)4136710-8</subfield>
   <subfield code="0">(DE-627)104500719</subfield>
   <subfield code="0">(DE-576)209671467</subfield>
   <subfield code="2">gnd-content</subfield>
  </datafield>
  <datafield tag="689" ind1="0" ind2="0">
   <subfield code="d">p</subfield>
   <subfield code="0">(DE-588)118744771</subfield>
   <subfield code="0">(DE-627)133769283</subfield>
   <subfield code="0">(DE-576)162711638</subfield>
   <subfield code="a">Reynolds, Joshua</subfield>
   <subfield code="d">1723-1792</subfield>
   <subfield code="2">gnd</subfield>
  </datafield>
  <datafield tag="689" ind1="0" ind2="1">
   <subfield code="d">g</subfield>
   <subfield code="0">(DE-588)4027833-5</subfield>
   <subfield code="0">(DE-627)106283235</subfield>
   <subfield code="0">(DE-576)208972501</subfield>
   <subfield code="a">Italien</subfield>
   <subfield code="2">gnd</subfield>
  </datafield>
  <datafield tag="689" ind1="0" ind2="2">
   <subfield code="d">s</subfield>
   <subfield code="0">(DE-588)4055251-2</subfield>
   <subfield code="0">(DE-627)106159038</subfield>
   <subfield code="0">(DE-576)209112867</subfield>
   <subfield code="a">Skizzenbuch</subfield>
   <subfield code="2">gnd</subfield>
  </datafield>
  <datafield tag="689" ind1="0" ind2=" ">
   <subfield code="5">DE-101</subfield>
  </datafield>
  <datafield tag="689" ind1="1" ind2="0">
   <subfield code="d">u</subfield>
   <subfield code="0">(DE-588)1031781323</subfield>
   <subfield code="0">(DE-627)737356006</subfield>
   <subfield code="0">(DE-576)379523418</subfield>
   <subfield code="a">Skizzenbuch</subfield>
   <subfield code="g">British Museum, Department of Prints and Drawings</subfield>
   <subfield code="n">British 201.a.10 PIIIb</subfield>
   <subfield code="2">gnd</subfield>
  </datafield>
  <datafield tag="689" ind1="1" ind2="1">
   <subfield code="d">s</subfield>
   <subfield code="0">(DE-588)4153591-1</subfield>
   <subfield code="0">(DE-627)104339624</subfield>
   <subfield code="0">(DE-576)209804548</subfield>
   <subfield code="a">Faksimile</subfield>
   <subfield code="2">gnd</subfield>
  </datafield>
  <datafield tag="689" ind1="1" ind2=" ">
   <subfield code="5">(DE-627)</subfield>
  </datafield>
  <datafield tag="700" ind1="1" ind2=" ">
   <subfield code="a">Reynolds, Joshua</subfield>
   <subfield code="d">1723-1792</subfield>
   <subfield code="e">Ill.</subfield>
   <subfield code="0">(DE-588)118744771</subfield>
   <subfield code="0">(DE-627)133769283</subfield>
   <subfield code="0">(DE-576)162711638</subfield>
   <subfield code="4">ill</subfield>
  </datafield>
  <datafield tag="700" ind1="1" ind2=" ">
   <subfield code="a">Reynolds, Joshua</subfield>
   <subfield code="d">1723-1792</subfield>
   <subfield code="0">(DE-588)118744771</subfield>
   <subfield code="0">(DE-627)133769283</subfield>
   <subfield code="0">(DE-576)162711638</subfield>
   <subfield code="4">oth</subfield>
  </datafield>
  <datafield tag="787" ind1="0" ind2="8">
   <subfield code="i">Rezension</subfield>
   <subfield code="a">Oy-Marra, Elisabeth, 1959 - </subfield>
   <subfield code="t">Exzentrische Gesten und ausgefallene Sujets</subfield>
   <subfield code="d">2014</subfield>
   <subfield code="w">(DE-627)1757461426</subfield>
  </datafield>
  <datafield tag="810" ind1="2" ind2=" ">
   <subfield code="a">Fondazione Carlo Marchi per la diffusione della cultura e del civismo in Italia</subfield>
   <subfield code="t">Quaderni</subfield>
   <subfield code="v">45</subfield>
   <subfield code="9">4500</subfield>
   <subfield code="w">(DE-627)329556207</subfield>
   <subfield code="w">(DE-576)077384539</subfield>
   <subfield code="w">(DE-600)2047741-7</subfield>
  </datafield>
  <datafield tag="856" ind1="4" ind2="2">
   <subfield code="u">http://swbplus.bsz-bw.de/bsz37221617Xinh.htm</subfield>
   <subfield code="m">B:DE-576;DE-16</subfield>
   <subfield code="q">application/pdf</subfield>
   <subfield code="v">20121031111053</subfield>
   <subfield code="x">Verlag</subfield>
   <subfield code="3">Inhaltsverzeichnis</subfield>
  </datafield>
  <datafield tag="935" ind1=" " ind2=" ">
   <subfield code="i">Blocktest</subfield>
  </datafield>
  <datafield tag="936" ind1="b" ind2="k">
   <subfield code="a">20.31</subfield>
   <subfield code="j">Bildende Künstler</subfield>
   <subfield code="0">(DE-627)181571080</subfield>
  </datafield>
  <datafield tag="936" ind1="b" ind2="k">
   <subfield code="a">21.22</subfield>
   <subfield code="j">Geschichte der Zeichnung</subfield>
   <subfield code="x">Kunst</subfield>
   <subfield code="0">(DE-627)106406051</subfield>
  </datafield>
  <datafield tag="951" ind1=" " ind2=" ">
   <subfield code="a">BO</subfield>
  </datafield>
  <datafield tag="990" ind1=" " ind2=" ">
   <subfield code="a">Reynolds, Joshua</subfield>
  </datafield>
  <datafield tag="990" ind1=" " ind2=" ">
   <subfield code="a">Italien</subfield>
  </datafield>
  <datafield tag="990" ind1=" " ind2=" ">
   <subfield code="a">Skizzenbuch</subfield>
  </datafield>
  <datafield tag="990" ind1=" " ind2=" ">
   <subfield code="a">Skizzenbuch</subfield>
  </datafield>
  <datafield tag="990" ind1=" " ind2=" ">
   <subfield code="a">Faksimile</subfield>
  </datafield>
  <datafield tag="991" ind1=" " ind2=" ">
   <subfield code="a">Rezensiertes Werk</subfield>
  </datafield>
  <datafield tag="999" ind1=" " ind2=" ">
   <subfield code="a">KXP-PPN71970555X</subfield>
   <subfield code="e">4050126451</subfield>
  </datafield>
 </record>
</collection>
